| 000 | 00778nam a2200253Ia 4500 | ||
|---|---|---|---|
| 003 | OSt | ||
| 005 | 20221006152247.0 | ||
| 006 | a|||||r|||| 00| 0 | ||
| 007 | ta | ||
| 008 | 221006b |||||||| |||| 00| 0 eng d | ||
| 020 | _cP105.00 | ||
| 024 | _a25,829 | ||
| 037 |
_b071, 21/09/2004, Dhanraj _cTextual |
||
| 040 |
_aEASL _cEASL _beng |
||
| 041 |
_2eng _aeng |
||
| 082 | _aW94k41,M, N8 | ||
| 100 |
_aWANG Ke-wen Ed. _9660854 |
||
| 245 | 0 |
_aModern China _b An encyclopedia of history, culture, and nationalism |
|
| 260 |
_aNew York _bGarland _c1998 |
||
| 300 |
_a442p. _ccm. |
||
| 490 |
_v CEL _aGarland reference library of the humanities |
||
| 942 |
_hW94k41,M, N8 _cTEXL _2CC |
||
| 999 |
_c1093915 _d1093915 |
||